| 000 | 00898nas a22002417a 4500 | ||
|---|---|---|---|
| 005 | 20250218113738.0 | ||
| 008 | 250218b ||||| |||| 00| 0 spa d | ||
| 022 | _a0263-2764 | ||
| 022 | _a1460-3616 | ||
| 082 |
_214 _a306 |
||
| 222 | 1 | 0 | _aTCS / |
| 245 | 1 | 0 |
_aTheory, Culture & Society / _cSAGE Publications . |
| 260 |
_aLondon : _bSAGE , _c1982 - |
||
| 300 | _aImpresa y digital | ||
| 362 | _aVol. 1, No. 1 (feb. 1982) - | ||
| 500 | _aPublica investigaciones originales y artículos de revisión en las ciencias sociales y culturales. Ofrece un foro para artículos que teorizan la relación entre la cultura y la sociedad. | ||
| 650 | 2 | 7 |
_2unescot _92924 _aSOCIOLOGIA CULTURAL |
| 700 | 1 |
_921172 _aFeatherstone, Mike |
|
| 856 | 4 | 1 | _uhttps://journals.sagepub.com/toc/TCS/current |
| 869 |
_a1998 _n1-2 _v15 |
||
| 942 |
_2ddc _cREV |
||
| 980 |
_611876 _aClaudia Naveiras _811876 _gClaudia Naveiras |
||
| 999 |
_c10697 _d10697 |
||